000 00437nam a2200181Ia 4500
001 23760
005 20260414150959.0
008 260414t1980||||xx |||||||||||||| ||spa||
041 _aESP
082 _a708.946
_bL88
100 _aLópez de Osaba, Pablo
_eAUT
245 0 _aMuseo de arte abstracto de cuenca
_b
260 _c1980
300 _a131 páginas :
_c31 cm.
650 _aABD
654 _aCAU
942 _cLIB
_dJUS
_fJUS
_2ddc
_n
999 _c23760
_d23760